000 00495nam a2200193 a 4500
001 5222
003 CO-ViMGA
008 141112s2004 ck r 000 u spa d
040 _aCO-ViMGA
_bspa
_cCO-ViMGA
082 0 4 _aMONca
100 1 _aMonreal, Violeta
_93541
245 1 0 _aCarlota reina de las letras o el rapto de la ñ
250 _a2a
260 _aMadrid :
_bAnaya,
_c1995
300 _a(26 p) : il
490 _aFácil de leer
650 1 4 _aCUENTOS INFANTILES
_92743
942 _2ddc
_cBK
999 _c17221
_d17221